000 00452nam a2200157 i 4500
001 25170
003 ES-MaACL
007 t|
008 021220s1922 fr ||||1| fre d
100 1 _aApostol, Paul.
_922105
245 1 3 _aLa lutte pour le pétrole et la Russie /
_cPaul Apostol [et] Alexandre Michelson.
260 _aParís :
_bPayot,
_c1922.
300 _a217 p. ;
_c23 cm.
700 1 _aMichelson, Alexandre.
_980936
852 _aES-MaACL
_jB-5627
999 _c25170
_d25170